000 00244nam a2200097Ia 4500
008 220204s9999 xx 000 0 und d
082 _a339.54
_bGAT
245 0 _aGattastrophe
260 _aIndia
_bPublic Interest Research Group
_c1998
942 _cBK
999 _c40587
_d40587